Geography Quiz

Random Geography or World Quiz

Anything but Belarus Quiz Stats

 Plays Quiz not verified by Sporcle

Score 0/35 Timer 06:00
0 Plays Today
% Correct
Belgium
92.7%
Russia
88.7%
Russia
88.7%
Kazakhstan
85.3%
Ukraine
84.3%
Uzbekistan
84.2%
Turkmenistan
84.1%
Canada
83%
Tajikistan
82.4%
Sweden
82.3%
Kyrgyzstan
82.1%
Kyrgyzstan
82.1%
Benin
80%
Finland
79.9%
Azerbaijan
78.5%
Armenia
78.3%
Bolivia
78%
Belize
76.8%
% Correct
Switzerland
76.6%
Switzerland
76.6%
Germany
73.6%
Moldova
72.6%
Bhutan
70.3%
Botswana
68.5%
Serbia
66.6%
Burundi
66.1%
Slovakia
65.2%
Czechia
64.2%
Austria
62.7%
France
62.6%
Latvia
59.9%
Burkina Faso
57%
Iceland
49.6%
Thailand
35.3%
Namibia
22.2%

You're not logged in!

Compare scores with friends on all Sporcle quizzes.
OR
Log In

Show Comments

Extras

Top Quizzes Today


Score Distribution

Your Account Isn't Verified!

In order to create a playlist on Sporcle, you need to verify the email address you used during registration. Go to your Sporcle Settings to finish the process.

Report this User

Report this user for behavior that violates our Community Guidelines.

Details: